Statistics for Skin Conditions (Yay!)

Click here to take the quiz!

General Stats

  • This quiz has been taken 94 times
  • The average score is 10 of 18

Answer Stats

Description Condition % Correct
flaking scalpdandruff
84%
when hair follicles are clogged with dead skin cells and oilacne
80%
a small pocket of lymph, serum, plasma, blood, or pus within the epidermisblister
73%
a group of diseases characterized by itchiness and red skineczema
70%
acute damage from excessive ultraviolet radiationsunburn
63%
another word for baldnessalopecia
60%
fungal infection of the skinringworm
59%
clusters of concentrated melaninized cells, most visible on fair complexions freckles
56%
long-lasting autoimmune disease with patches of abnormal skinpsoriasis
56%
a typically small, rough, and hard growthwart
55%
skin rash with red, raised, itchy bumps; usually an allergic reactionhives
55%
an area of thickened skin formed from repeated frictioncallus
53%
a change in skin color (usually red); often itchy, warm, bumpy, dry, or crackedrash
44%
characterized by patches of the skin losing their pigmentvitiligo
43%
contagious skin infestation by mitesscabies
40%
face condition with redness, pimples, swelling, and dilated vesselsrosacea
38%
often stigmatized contagious disease in which granulomas form on the skinleprosy
33%
bacterial skin infection with yellowish crusts, mainly affecting young childrenimpetigo
31%

Score Distribution

Percentile by Number Answered

Percent of People with Each Score

Your Score History

You have not taken this quiz